000
00299nam a2200121Ia 4500
008
190216s9999||||xx |||||||||||||| ||und||
100
_a
Gokhale B K
245
0
_a
Introduction To Western Civilization
260
_b
S Chand & Co
_c
1999
300
_a
575p
650
_a
World Civilization
942
_c
BK
999
_c
19060
_d
19060